000 00690nam a2200277Ia 4500
005 20250425161907.0
008 250425s9999 xx 000 0 und d
020 _a9580427992
041 _aspa
043 _asp
082 _a658.4
100 _aSALLENAVE, JEAN-PAUL
245 0 _aLA GERENCIA INTEGRAL: ¡NO LE TEMA A LA COMPETENCIA, TEMELE A LA INCOMPETENCIA!
250 _a1A ED.
260 _aBARCELONA
260 _aEspaña
_bNORMA
_c1994
300 _a263
650 _aGERENCIA
650 _aPLANIFICACION ESTRATEGICA
650 _aRENTABILIDAD
650 _aSUPERVIVENCIA
650 _aTOMA DE DECISIONES
710 _aNORMA
942 _c01
010 _a34050
999 _c218285
_d218285